[Event "Xtracon Chess Open 2017"]
[Site "Helsingor DEN"]
[Date "2017.07.29"]
[Round "9.18"]
[White "Brorsen, Jacob Abildlund"]
[Black "Getz, Nicolai"]
[Result "0-1"]
[BlackTitle "IM"]
[WhiteElo "2153"]
[BlackElo "2415"]
[WhiteFideId "1411233"]
[BlackFideId "1505572"]
[EventDate "2017.07.22"]

1. e4 e5 2. Nf3 Nc6 3. Bc4 Bc5 4. O-O Nf6 5. c3 Nxe4 6. d4 d5 7. dxc5 dxc4 8.
Qxd8+ Kxd8 9. Be3 Be6 10. Na3 b6 11. Rfe1 f5 12. Nc2 bxc5 13. Ng5 Nxg5 14. Bxg5+
Kc8 15. Bf4 Bd5 16. Be3 Rb8 17. Bxc5 Rxb2 18. Ne3 Be6 19. Ba3 Rd2 20. f4 Rhd8
21. fxe5 f4 22. Nf1 Rc2 23. Rec1 Rxc1 24. Rxc1 Rd5 25. Bf8 Rxe5 26. Kf2 Rg5 27.
Nd2 Ne5 28. Rd1 Nd3+ 29. Kf1 Bd5 30. Nf3 Bxf3 31. gxf3 g6 32. Rd2 Re5 33. Re2
Rxe2 34. Kxe2 Kd7 35. Kd2 Kc6 36. Be7 Kb5 37. Bf8 Ka4 38. Be7 h5 39. h3 Nf2 40.
h4 Nd3 41. Bf8 a6 42. Be7 a5 43. Kd1 c5 44. Bd8 Ne5 45. Ke2 Nc6 46. Bb6 Ka3 47.
Kd2 Kxa2 48. Kc2 a4 49. Bc7 Na7 50. Bxf4 Nb5 51. Bc1 Na3+ 0-1

[Event "Xtracon Chess Open 2017"]
[Site "Helsingor DEN"]
[Date "2017.07.29"]
[Round "9.20"]
[White "Martinovic, Sasa"]
[Black "Schmidt, Kristen"]
[Result "1-0"]
[WhiteTitle "GM"]
[WhiteElo "2570"]
[BlackElo "2201"]
[WhiteFideId "14509792"]
[BlackFideId "1400436"]
[EventDate "2017.07.22"]

1. d4 g6 2. c4 Bg7 3. e4 d6 4. Nc3 Nd7 5. Bg5 h6 6. Be3 e5 7. Nge2 Ne7 8. g3
exd4 9. Nxd4 Ne5 10. h3 a6 11. f4 c5 12. Nc2 N5c6 13. Qd2 Be6 14. Rd1 O-O 15.
Be2 Kh7 16. g4 b5 17. Qxd6 Qa5 18. Kf2 Bxc4 19. Bxc4 bxc4 20. Qxc5 Bxc3 21. bxc3
Qxc3 22. Rd2 Rfd8 23. Rhd1 Rxd2+ 24. Rxd2 Rb8 25. Qa3 Qf6 26. Qxa6 Qe6 27. e5
Rb2 28. Rd6 Rxc2+ 29. Ke1 Nb4 30. Rxe6 Nxa6 31. Rxe7 Nb4 32. Rxf7+ Kg8 33. e6
Nd5 34. Rd7 Nxe3 35. Rd8+ Kg7 36. e7 1-0

[Event "Xtracon Chess Open 2017"]
[Site "Helsingor DEN"]
[Date "2017.07.29"]
[Round "9.21"]
[White "Gajic, Mladen"]
[Black "Hjartarson, Johann"]
[Result "0-1"]
[WhiteTitle "FM"]
[BlackTitle "GM"]
[WhiteElo "2300"]
[BlackElo "2541"]
[WhiteFideId "1709178"]
[BlackFideId "2300044"]
[EventDate "2017.07.22"]

1. e4 e5 2. Nf3 Nc6 3. Bc4 Bc5 4. d3 Nf6 5. c3 d6 6. b4 Bb6 7. a4 a5 8. b5 Ne7
9. O-O O-O 10. h3 Ng6 11. Re1 h6 12. Na3 c6 13. Ba2 Re8 14. Rb1 d5 15. bxc6 bxc6
16. exd5 cxd5 17. Be3 Bc7 18. Nb5 Bb8 19. Nd2 Nh4 20. Nf3 Nf5 21. Bc5 h5 22. Rb2
Ra6 23. Rbe2 Nd7 24. Ba3 Bb7 25. d4 e4 26. c4 Rg6 27. cxd5 Rxg2+ 28. Kh1 Qf6 29.
Rxe4 Rxe4 30. Kxg2 Rf4 31. Kg1 Nh4 32. Re8+ Kh7 33. Bb1+ g6 34. Be7 Nxf3+ 35.
Kf1 Qb6 36. Bg5 Bxd5 37. Bxf4 Bxf4 38. Be4 Nd2+ 0-1

[Event "Xtracon Chess Open 2017"]
[Site "Helsingor DEN"]
[Date "2017.07.29"]
[Round "9.22"]
[White "Schroeder, Jan-Christian"]
[Black "Roe, Simon J"]
[Result "1-0"]
[WhiteTitle "GM"]
[WhiteElo "2539"]
[BlackElo "2253"]
[WhiteFideId "24662259"]
[BlackFideId "401471"]
[EventDate "2017.07.22"]

1. e4 Nf6 2. e5 Nd5 3. d4 d6 4. Nf3 dxe5 5. Nxe5 c6 6. Be2 Nd7 7. Nf3 N7f6 8. c4
Nc7 9. O-O Bf5 10. Be3 e6 11. Nh4 Be7 12. Nxf5 exf5 13. Nc3 O-O 14. Bf3 Qd7 15.
h3 Rad8 16. Re1 Rfe8 17. d5 c5 18. Qc2 Bd6 19. a3 f4 20. Bd2 a6 21. b4 cxb4 22.
axb4 Bxb4 23. Reb1 Bxc3 24. Bxc3 b5 25. Bxf6 gxf6 26. c5 Nxd5 27. Rd1 Qe6 28. c6
Nc7 29. Rd7 Qe5 30. Rad1 Rc8 31. Rxf7 Kxf7 32. Qxh7+ Kf8 33. Bh5 Qe6 34. Qh8+ 1-0

[Event "Xtracon Chess Open 2017"]
[Site "Helsingor DEN"]
[Date "2017.07.29"]
[Round "9.23"]
[White "Fossan, Petter"]
[Black "Tan, Justin2"]
[Result "1/2-1/2"]
[WhiteTitle "FM"]
[BlackTitle "IM"]
[WhiteElo "2301"]
[BlackElo "2462"]
[WhiteFideId "1500260"]
[BlackFideId "3206882"]
[EventDate "2017.07.22"]

1. e4 e5 2. Nf3 Nc6 3. Bc4 Nf6 4. d3 Bc5 5. O-O d6 6. c3 Bb6 7. a4 O-O 8. Na3
Ne7 9. Bg5 Ng6 10. Nh4 Nf4 11. Ba2 Ne6 12. Bxe6 Bxe6 13. Qf3 c6 14. Nc2 d5 15.
Ne3 h6 16. Bxf6 Qxf6 17. Qxf6 gxf6 18. Nhf5 Kh7 19. a5 Bc7 20. a6 b6 21. Ne7 d4
22. cxd4 exd4 23. N3f5 c5 24. Rfc1 Bf4 25. Re1 Rfe8 26. g3 Bd2 27. Red1 Ba5 28.
Nc6 Bb3 29. Rf1 Bd2 30. Ra3 Bc2 31. f3 Bb4 32. Nxb4 cxb4 33. Raa1 Bxd3 34. Rf2
Red8 35. Rd2 Bc4 36. Nxd4 Rd7 37. Kf2 Rc8 38. Ke3 Rc5 39. b3 Be6 40. Rad1 Rc3+
41. Kf4 Re7 42. Nxe6 fxe6 43. Rd7 Rxd7 44. Rxd7+ Kg6 45. Rxa7 e5+ 46. Kg4 h5+
47. Kh4 Rxb3 48. Ra8 Ra3 49. a7 b3 50. Rg8+ Kf7 51. Rb8 Rxa7 52. Rxb6 Ra2 53. h3
Rf2 54. Rxb3 Kg6 55. Ra3 Rf1 56. g4 hxg4 57. hxg4 Rh1+ 58. Kg3 Kg5 59. Ra2 Rg1+
60. Rg2 Ra1 61. Rh2 Kg6 62. Rh5 Ra2 63. Rf5 Ra1 64. Kh2 Ra2+ 65. Kh3 Ra3 66. g5
fxg5 67. Kg4 Ra1 68. Rxe5 Rg1+ 69. Kh3 Kf6 70. Rf5+ Kg6 71. Ra5 Rh1+ 72. Kg2 Rb1
73. Rd5 Ra1 74. Kf2 Ra3 75. Rd6+ Kh5 76. Kg3 Ra1 77. Rf6 Ra5 78. Rf5 Ra3 79. Rd5
Rb3 80. Kf2 Kh4 81. Rd8 Rb2+ 82. Ke3 Rb3+ 83. Rd3 Rb5 84. Kd4 Kg3 85. Kc4 Re5
86. Rd5 Re8 87. Kd3 Kxf3 88. Rxg5 Rxe4 89. Rf5+ 1/2-1/2

[Event "Xtracon Chess Open 2017"]
[Site "Helsingor DEN"]
[Date "2017.07.29"]
[Round "9.24"]
[White "Taylor, Adam C"]
[Black "Ikeda, Junta"]
[Result "0-1"]
[WhiteTitle "FM"]
[BlackTitle "IM"]
[WhiteElo "2265"]
[BlackElo "2427"]
[WhiteFideId "424668"]
[BlackFideId "3204731"]
[EventDate "2017.07.22"]

1. c4 e6 2. Nf3 d5 3. g3 Nf6 4. Bg2 Be7 5. O-O O-O 6. b3 d4 7. Ba3 Bxa3 8. Nxa3
e5 9. d3 Qd6 10. Nc2 c5 11. a3 Nc6 12. Nd2 Rb8 13. b4 b6 14. e3 Bg4 15. f3 Be6
16. e4 cxb4 17. f4 Ng4 18. Qe2 Ne3 19. Nxe3 dxe3 20. Qxe3 Rfd8 21. f5 Bc8 22.
axb4 Qxb4 23. Rfb1 Qd6 24. Bf1 Qc7 25. Nf3 a5 26. Rb5 Nb4 27. Rxe5 f6 28. Rb5
Nc2 29. Qc1 Nxa1 30. Qxa1 Ba6 31. Rb1 b5 32. cxb5 Bxb5 33. Qa3 Be8 34. Rc1 Qb6+
35. d4 Qb4 36. Bc4+ Bf7 37. Bxf7+ Kxf7 38. Qe3 Rdc8 39. Rd1 Qb3 40. Rd3 Qc2 41.
Nd2 Rb2 42. e5 Qc1+ 43. Kf2 Rcc2 44. Ke2 Rb1 45. Kf3 Qd1+ 46. Kf4 Qh5 47. e6+
Ke8 48. d5 Qg5+ 49. Ke4 Qg4+ 50. Qf4 Rb4+ 0-1

[Event "Xtracon Chess Open 2017"]
[Site "Helsingor DEN"]
[Date "2017.07.29"]
[Round "9.25"]
[White "Ranaldi, Lucas"]
[Black "Jepson, Christian"]
[Result "1/2-1/2"]
[WhiteTitle "FM"]
[BlackTitle "IM"]
[WhiteElo "2269"]
[BlackElo "2421"]
[WhiteFideId "1519484"]
[BlackFideId "1701185"]
[EventDate "2017.07.22"]

1. Nf3 d5 2. b3 Nf6 3. Bb2 Bg4 4. g3 Bxf3 5. exf3 g6 6. Bg2 Bg7 7. f4 O-O 8. O-O
e6 9. d3 c5 10. Nd2 Nc6 11. Re1 Nd7 12. Qc1 Bxb2 13. Qxb2 Qf6 14. Qxf6 Nxf6 15.
Nf3 Rac8 16. c3 b5 17. Ne5 b4 18. Rac1 bxc3 19. Nxc6 Rxc6 20. Rxc3 Ra6 21. Re2
Nd7 22. Rec2 Rb8 23. Bf1 d4 24. Rc4 Ra3 25. Bg2 Rb6 26. Bf3 Kf8 27. Re2 Ke7 28.
Kg2 Kd6 29. g4 h6 30. h4 a5 31. Kg3 Rb4 32. Rxb4 axb4 33. f5 exf5 34. gxf5 g5
35. hxg5 hxg5 36. Be4 Nf6 37. f3 Ra7 38. Rh2 Ke5 39. Rc2 Rc7 40. Rh2 Rc8 41. Rh1
Rg8 42. Rh6 Rg7 43. Rh8 Rg8 44. Rh6 Re8 45. Rh2 Rg8 46. Rh6 1/2-1/2

[Event "Xtracon Chess Open 2017"]
[Site "Helsingor DEN"]
[Date "2017.07.29"]
[Round "9.26"]
[White "Jaksland, Tim"]
[Black "Zude, Erik"]
[Result "1/2-1/2"]
[WhiteTitle "FM"]
[BlackTitle "IM"]
[WhiteElo "2227"]
[BlackElo "2421"]
[WhiteFideId "1401084"]
[BlackFideId "4604644"]
[EventDate "2017.07.22"]

1. d4 Nf6 2. Bf4 g6 3. Nc3 d5 4. e3 a6 5. Be2 Bg7 6. h4 c5 7. Nf3 Nc6 8. Ne5 Qa5
9. Qd2 Be6 10. h5 Nxe5 11. Bxe5 Nxh5 12. Rxh5 gxh5 13. Bxg7 Rg8 14. Be5 Rxg2 15.
O-O-O Rxf2 16. Qe1 Rg2 17. Bf3 Rg5 1/2-1/2

[Event "Xtracon Chess Open 2017"]
[Site "Helsingor DEN"]
[Date "2017.07.29"]
[Round "9.27"]
[White "Lindgren, Philip"]
[Black "Olsen, Filip Boe"]
[Result "0-1"]
[WhiteTitle "IM"]
[BlackTitle "FM"]
[WhiteElo "2420"]
[BlackElo "2189"]
[WhiteFideId "1713230"]
[BlackFideId "1440640"]
[EventDate "2017.07.22"]

1. c4 Nf6 2. g3 c6 3. Nf3 d5 4. Bg2 dxc4 5. O-O Nbd7 6. Qc2 Nb6 7. Na3 Be6 8.
Ng5 Bg4 9. Nxc4 Bxe2 10. Ne5 Bh5 11. Qb3 e6 12. Re1 Be7 13. Bf3 Bg6 14. d3 O-O
15. h4 Nfd7 16. Nxd7 Nxd7 17. d4 h6 18. Ne4 Qb6 19. Qc4 Rad8 20. Be3 Qa5 21. a3
Nf6 22. Nc5 Qc7 23. b4 Nd5 24. Bd2 Bf6 25. Ne4 Be7 26. Rad1 a5 27. bxa5 Bxa3 28.
Ra1 Be7 29. Rec1 e5 30. a6 Nb6 31. Qe2 exd4 32. Ba5 bxa6 33. Rcb1 Rb8 34. Qxa6
Bd8 35. Rc1 Qe5 36. Rc5 Qe7 37. Bb4 Bxe4 38. Re1 Nd7 39. Rb5 Qf6 40. Bxe4 cxb5 0-1

[Event "Xtracon Chess Open 2017"]
[Site "Helsingor DEN"]
[Date "2017.07.29"]
[Round "9.28"]
[White "Haldorsen, Benjamin"]
[Black "Hartung-Nielsen, Jens"]
[Result "1-0"]
[WhiteTitle "FM"]
[WhiteElo "2370"]
[BlackElo "2175"]
[WhiteFideId "1512633"]
[BlackFideId "1400690"]
[EventDate "2017.07.22"]

1. e4 c5 2. Nf3 Nc6 3. Bb5 g6 4. O-O Bg7 5. Bxc6 dxc6 6. d3 Bg4 7. h3 Bxf3 8.
Qxf3 Nf6 9. a4 O-O 10. a5 Nd7 11. Nc3 f5 12. a6 b6 13. exf5 Ne5 14. Qe2 gxf5 15.
f4 Nf7 16. Qe6 Qd4+ 17. Kh2 Qf6 18. Re1 Rfe8 19. Bd2 Qxe6 20. Rxe6 Nd6 21. g4
Kf7 22. Re2 c4 23. dxc4 Nxc4 24. gxf5 Rad8 25. Be1 Nxb2 26. Re6 Rd6 27. Ne4 Rxe6
28. Ng5+ Kg8 29. Nxe6 Bf6 30. Bf2 Nc4 31. Rd1 Nd6 32. Bxb6 Nxf5 33. Bxa7 Nd6 34.
Bc5 Nb5 35. c4 1-0

[Event "Xtracon Chess Open 2017"]
[Site "Helsingor DEN"]
[Date "2017.07.29"]
[Round "9.29"]
[White "Merkesvik, Sondre"]
[Black "Rosen, Eric S"]
[Result "0-1"]
[WhiteTitle "FM"]
[BlackTitle "IM"]
[WhiteElo "2211"]
[BlackElo "2369"]
[WhiteFideId "1514350"]
[BlackFideId "2032562"]
[EventDate "2017.07.22"]

1. Nf3 Nf6 2. g3 d5 3. Bg2 e6 4. O-O c5 5. d4 b5 6. b3 Nbd7 7. c4 bxc4 8. bxc4
Bb7 9. Nc3 dxc4 10. Rb1 Nb6 11. Ba3 cxd4 12. Bxf8 Kxf8 13. Qxd4 Bxf3 14. Qxd8+
Rxd8 15. Bxf3 Nfd5 16. Nb5 a5 17. Nd4 Nb4 18. Nc6 Nxc6 19. Bxc6 Rb8 20. Rb5 Ke7
21. Rfb1 c3 22. Be4 Nd7 23. Rxa5 Rxb1+ 24. Bxb1 Rb8 25. Bd3 Rb2 26. Ra3 c2 27.
Rc3 Rb1+ 28. Kg2 c1=Q 0-1

[Event "Xtracon Chess Open 2017"]
[Site "Helsingor DEN"]
[Date "2017.07.29"]
[Round "9.30"]
[White "Bach, Matthias"]
[Black "Rietze, Clemens"]
[Result "1/2-1/2"]
[WhiteTitle "FM"]
[BlackTitle "FM"]
[WhiteElo "2200"]
[BlackElo "2343"]
[WhiteFideId "4603168"]
[BlackFideId "24620351"]
[EventDate "2017.07.22"]

1. d4 Nf6 2. c4 g6 3. Nc3 d5 4. cxd5 Nxd5 5. g3 Bg7 6. Bg2 Nb6 7. Nf3 O-O 8. O-O
Nc6 9. d5 Na5 10. Qc2 Nxd5 11. Rd1 c6 12. Ne1 Bd7 13. Nxd5 cxd5 14. Rxd5 e6 15.
Rd3 Rc8 16. Qd1 Rc7 17. Bf4 e5 18. Bg5 Qe8 19. Rc1 Rxc1 20. Bxc1 Bf5 21. e4 Be6
22. b3 Qe7 23. Nc2 Rc8 24. Ba3 Qc7 25. Ne3 Nc6 26. Nd5 Bxd5 27. Rxd5 Nd4 28. Bf1
Bf8 29. Bb2 Bc5 30. Kg2 Qe7 31. Bc4 Kg7 32. f4 f6 33. Qg4 Rd8 34. fxe5 fxe5 35.
Bxd4 Rxd5 36. Bxd5 Bxd4 37. Qc8 b6 38. Qb7 1/2-1/2

[Event "Xtracon Chess Open 2017"]
[Site "Helsingor DEN"]
[Date "2017.07.29"]
[Round "9.31"]
[White "Papp, Petra"]
[Black "Vestby-Ellingsen, Mads"]
[Result "1-0"]
[WhiteTitle "WGM"]
[WhiteElo "2337"]
[BlackElo "2175"]
[WhiteFideId "739049"]
[BlackFideId "1520857"]
[EventDate "2017.07.22"]

1. e4 c5 2. Nf3 e6 3. d4 cxd4 4. Nxd4 Nc6 5. Nc3 Qc7 6. Be3 a6 7. a3 Nf6 8. f4
d6 9. Qf3 Be7 10. O-O-O O-O 11. Be2 Bd7 12. Rhg1 b5 13. g4 Rfc8 14. g5 Ne8 15.
f5 Nxd4 16. Bxd4 Bf8 17. Bd3 e5 18. Nd5 Qb7 19. Be3 Bc6 20. Rg3 Bxd5 21. exd5 g6
22. Rf1 Qe7 23. Qe4 b4 24. a4 Qd7 25. b3 Ng7 26. fxg6 fxg6 27. Be2 Qb7 28. Bg4
Re8 29. Rgf3 Be7 30. h4 Rf8 31. h5 gxh5 32. Bh3 Rxf3 33. Rxf3 Rf8 34. Bf1 Rxf3
35. Qxf3 a5 36. Bd3 Bd8 37. Qe4 Ne8 38. Qf5 Qf7 39. Qc8 Be7 40. g6 hxg6 41. Bb5
h4 42. Qxe8+ Qxe8 43. Bxe8 Kg7 44. Bd7 Bd8 45. Kd2 g5 46. Ke2 Kg6 47. Kf3 Kh5
48. Be8+ Kh6 49. Kg4 Kg7 50. Bb5 e4 51. Bd7 Be7 52. Bf5 h3 53. Bxe4 Kf6 54. Bd4+
Kf7 55. Kxh3 Kg8 56. Kg4 Bf8 57. Kxg5 Kf7 58. Bb6 1-0

[Event "Xtracon Chess Open 2017"]
[Site "Helsingor DEN"]
[Date "2017.07.29"]
[Round "9.32"]
[White "Kramer, Julian"]
[Black "Kemarsky, Alexander"]
[Result "1-0"]
[WhiteTitle "FM"]
[WhiteElo "2333"]
[BlackElo "2150"]
[WhiteFideId "12921742"]
[BlackFideId "2814196"]
[EventDate "2017.07.22"]

1. e4 c5 2. Nf3 d6 3. d4 cxd4 4. Nxd4 Nf6 5. Nc3 g6 6. Be3 Bg7 7. f3 O-O 8. Qd2
Nc6 9. O-O-O Bd7 10. h4 Rb8 11. g4 b5 12. h5 b4 13. Nd5 Nxd5 14. exd5 Nxd4 15.
Bxd4 Bxd4 16. Qxd4 Qa5 17. Bd3 b3 18. hxg6 fxg6 19. Rxh7 Kxh7 20. Rh1+ Kg8 21.
Qh8+ Kf7 22. Bxg6+ Kxg6 23. Qh7+ Kf6 24. g5+ 1-0

[Event "Xtracon Chess Open 2017"]
[Site "Helsingor DEN"]
[Date "2017.07.29"]
[Round "9.33"]
[White "Kunz, Andre"]
[Black "Haug, Johannes"]
[Result "1/2-1/2"]
[BlackTitle "FM"]
[WhiteElo "2103"]
[BlackElo "2328"]
[WhiteFideId "24623652"]
[BlackFideId "1509268"]
[EventDate "2017.07.22"]

1. e4 c6 2. d4 d5 3. Nd2 dxe4 4. Nxe4 Bf5 5. Ng3 Bg6 6. Nh3 e6 7. Nf4 Bd6 8. h4
Bxf4 9. Bxf4 h6 10. c3 Nf6 11. Bd3 Bxd3 12. Qxd3 Nbd7 13. O-O-O O-O 14. Kb1 Qa5
15. Rhe1 Rfd8 16. Qf3 Qb5 17. Bc7 Rdc8 18. Be5 Qd5 19. Ne4 Nxe4 20. Rxe4 f5 21.
Re3 Qxf3 22. Rxf3 Nxe5 23. dxe5 Rd8 24. Rfd3 Rd5 25. f4 Kf7 26. c4 Rxd3 27. Rxd3
Ke7 28. Rg3 Kf7 29. Rd3 Ke7 30. Rg3 Kf7 1/2-1/2

[Event "Xtracon Chess Open 2017"]
[Site "Helsingor DEN"]
[Date "2017.07.29"]
[Round "9.34"]
[White "Vesterli, Michael E."]
[Black "Rostgaard, Tobias Valentin"]
[Result "0-1"]
[BlackTitle "FM"]
[WhiteElo "2073"]
[BlackElo "2327"]
[WhiteFideId "1417339"]
[BlackFideId "1408801"]
[EventDate "2017.07.22"]

1. d4 Nf6 2. c4 e6 3. Nf3 d5 4. Nc3 c5 5. cxd5 Nxd5 6. e4 Nxc3 7. bxc3 cxd4 8.
cxd4 Bb4+ 9. Bd2 Bxd2+ 10. Qxd2 O-O 11. Bd3 Nc6 12. Bc2 Qa5 13. Rc1 b6 14. Qxa5
Nxa5 15. Bd3 Bb7 16. Ke2 Rac8 17. Ke3 Rfd8 18. g4 Nc6 19. Rc4 Na5 20. Rcc1 h6
21. h4 f6 22. g5 Kf7 23. gxf6 gxf6 24. Nd2 Nc6 25. Nb3 a5 26. Bc4 a4 27. d5 Ne5
28. dxe6+ Ke7 29. Nd2 Rxd2 30. Kxd2 Nxc4+ 31. Kd3 Ba6 32. f4 Kxe6 33. Rhg1 a3
34. Kc3 Nb2+ 35. Kd2 Rd8+ 36. Kc2 Bb7 37. e5 Be4+ 38. Kb3 Bd5+ 39. Kc3 Bxa2 40.
Rg6 Rc8+ 41. Kd2 Rxc1 42. Rxf6+ Ke7 43. Kxc1 Nd3+ 44. Kc2 Nb4+ 45. Kc1 b5 46.
Rxh6 Nd3+ 47. Kd2 Bc4 48. Kc3 Nxf4 49. Ra6 a2 50. Kb2 b4 51. Ra4 Nd3+ 52. Ka1
Bd5 53. Rxa2 Bxa2 54. Kxa2 Nxe5 0-1

[Event "Xtracon Chess Open 2017"]
[Site "Helsingor DEN"]
[Date "2017.07.29"]
[Round "9.35"]
[White "Dishman, Stephen"]
[Black "Wecker, Martin"]
[Result "1-0"]
[WhiteElo "2313"]
[BlackElo "2095"]
[WhiteFideId "403024"]
[BlackFideId "12931462"]
[EventDate "2017.07.22"]

1. d4 Nf6 2. Bg5 d5 3. e3 c5 4. Bxf6 gxf6 5. Nc3 Nc6 6. Qh5 e6 7. Nf3 a6 8. dxc5
Bxc5 9. Bd3 f5 10. O-O-O Bd7 11. Bxf5 exf5 12. Ng5 Rf8 13. Nxd5 Be7 14. Nxh7 Rg8
15. Qh6 Rg6 16. Ndf6+ Rxf6 17. Qg7 Bf8 18. Qxf8# 1-0

[Event "Xtracon Chess Open 2017"]
[Site "Helsingor DEN"]
[Date "2017.07.29"]
[Round "9.36"]
[White "Colpe, Malte"]
[Black "Petersson, Baldur Teodor"]
[Result "1/2-1/2"]
[WhiteElo "2412"]
[BlackElo "2086"]
[WhiteFideId "24623075"]
[BlackFideId "2309157"]
[EventDate "2017.07.22"]

1. d4 Nf6 2. c4 g6 3. Nc3 Bg7 4. e4 d6 5. f4 Na6 6. Nf3 O-O 7. Bd3 Bg4 8. Be3
Nd7 9. Be2 c5 10. d5 Bxf3 11. Bxf3 Nc7 12. Qd2 a6 13. Be2 Qb8 14. a4 b5 15. axb5
axb5 16. Rxa8 Qxa8 17. cxb5 Qa1+ 18. Qc1 Qa5 19. O-O Ra8 20. Qc2 Nb6 21. Bf2 c4
22. Rb1 Nxb5 23. Nxb5 Qxb5 24. b3 cxb3 25. Qd1 Qa5 26. Qxb3 Na4 27. Bf3 Nc3 28.
Re1 Nb5 29. Qd3 Bd4 30. Rd1 Bxf2+ 31. Kxf2 Nc3 32. Rd2 Qc5+ 33. Qe3 Qc4 34. Qd4
Qb3 35. Rd3 Qc2+ 36. Rd2 Qb3 37. Rd3 Qc2+ 38. Rd2 1/2-1/2

[Event "Xtracon Chess Open 2017"]
[Site "Helsingor DEN"]
[Date "2017.07.29"]
[Round "9.37"]
[White "Percivaldi, Martin"]
[Black "Thuesen, Mogens"]
[Result "1-0"]
[WhiteTitle "IM"]
[WhiteElo "2433"]
[BlackElo "2170"]
[WhiteFideId "1508148"]
[BlackFideId "1400878"]
[EventDate "2017.07.22"]

1. d4 Nf6 2. c4 g6 3. Nc3 Bg7 4. e4 d6 5. Bd3 O-O 6. Nge2 Nc6 7. O-O Nd7 8. Be3
e5 9. d5 Nd4 10. Bc2 Nxe2+ 11. Qxe2 f5 12. exf5 gxf5 13. f4 a6 14. Qd2 exf4 15.
Bxf4 Ne5 16. b3 b5 17. Bg5 Qe8 18. Rae1 Bd7 19. c5 dxc5 20. d6 c6 21. Be7 Ng4
22. Ne2 Qg6 23. h3 Ne5 24. Qf4 Rf7 25. Ng3 Qe6 26. Nxf5 Ng6 27. Qc1 Qd5 28. Be4
Qe5 29. Bxc6 Qd4+ 30. Nxd4 Bxd4+ 31. Kh1 Rxf1+ 32. Rxf1 Bxc6 33. Qg5 Be5 34. h4 1-0

[Event "Xtracon Chess Open 2017"]
[Site "Helsingor DEN"]
[Date "2017.07.29"]
[Round "9.38"]
[White "Ezra, Paul Chambers"]
[Black "Haria, Ravi"]
[Result "0-1"]
[WhiteTitle "FM"]
[BlackTitle "FM"]
[WhiteElo "2162"]
[BlackElo "2417"]
[WhiteFideId "20300204"]
[BlackFideId "415820"]
[EventDate "2017.07.22"]

1. e4 e6 2. d4 d5 3. Nd2 dxe4 4. Nxe4 Bd7 5. c4 Nf6 6. Nxf6+ Qxf6 7. Nf3 Bc6 8.
Be2 Bb4+ 9. Kf1 Bd6 10. d5 Bd7 11. Qb3 b6 12. Bg5 Qg6 13. h4 Na6 14. h5 Qf5 15.
Qc3 Nc5 16. Qxg7 Rf8 17. Nd4 Qe4 18. Rh4 Be5 19. Qh6 Bxd4 20. Rxe4 Nxe4 21. Bf3
Nxg5 22. Qxg5 f6 23. Qh4 e5 24. Rb1 O-O-O 25. b4 f5 26. Be2 c5 27. bxc5 Bxc5 28.
a4 a5 29. Qg5 e4 30. Qh6 Kc7 31. Qxh7 Rh8 32. Qg7 Rde8 33. Qb2 f4 34. d6+ Kc8
35. Qd2 f3 36. gxf3 Bh3+ 37. Kg1 Reg8+ 38. Kh2 Rxh5 39. fxe4 Bg4+ 40. Kg3 Bxe2+
41. Kf4 Rg4# 0-1

[Event "Xtracon Chess Open 2017"]
[Site "Helsingor DEN"]
[Date "2017.07.29"]
[Round "9.39"]
[White "Kvamme, John A"]
[Black "Hoi, Carsten"]
[Result "0-1"]
[BlackTitle "GM"]
[WhiteElo "2116"]
[BlackElo "2356"]
[WhiteFideId "1500562"]
[BlackFideId "1400100"]
[EventDate "2017.07.22"]

1. g3 g6 2. Bg2 Bg7 3. c4 Nf6 4. Nf3 O-O 5. O-O d6 6. Nc3 Nc6 7. Rb1 a5 8. a3 e5
9. d3 h6 10. b4 axb4 11. axb4 Be6 12. b5 Ne7 13. Qb3 Nd7 14. Ba3 Rb8 15. Nd5 b6
16. Nd2 f5 17. e3 g5 18. f4 Nc5 19. Qc2 Bxd5 20. Bxd5+ Nxd5 21. cxd5 exf4 22.
gxf4 Qe8 23. Nc4 g4 24. Bb2 Rf7 25. Bc3 Qe7 26. Rbe1 Re8 27. Bxg7 Rxg7 28. e4
Qh4 29. e5 g3 30. Re3 Kh7 31. exd6 gxh2+ 32. Kh1 Rg1+ 33. Rxg1 hxg1=Q+ 34. Kxg1
Rg8+ 0-1

[Event "Xtracon Chess Open 2017"]
[Site "Helsingor DEN"]
[Date "2017.07.29"]
[Round "9.40"]
[White "Petersen, Tom Petri"]
[Black "Issakainen, Ari"]
[Result "0-1"]
[WhiteTitle "FM"]
[WhiteElo "2338"]
[BlackElo "2168"]
[WhiteFideId "1403486"]
[BlackFideId "500330"]
[EventDate "2017.07.22"]

1. d4 f5 2. g3 Nf6 3. Bg2 e6 4. c4 Be7 5. Nc3 O-O 6. Nh3 d6 7. O-O Qe8 8. e4 e5
9. dxe5 dxe5 10. Nd5 Bd8 11. exf5 Nc6 12. g4 Nxg4 13. Qxg4 Bxf5 14. Qg3 Nd4 15.
Kh1 c6 16. Nc3 Rf6 17. Be4 Qh5 18. Bxf5 Nxf5 19. Qd3 Rd6 20. Qe4 Qxh3 21. Be3
Rg6 22. Rg1 Nd6 0-1

[Event "Xtracon Chess Open 2017"]
[Site "Helsingor DEN"]
[Date "2017.07.29"]
[Round "9.41"]
[White "Eriksson, Kristian"]
[Black "Dauth, Benjamin"]
[Result "0-1"]
[BlackTitle "FM"]
[WhiteElo "2093"]
[BlackElo "2332"]
[WhiteFideId "1705172"]
[BlackFideId "4688104"]
[EventDate "2017.07.22"]

1. e4 e5 2. Nf3 Nc6 3. d4 exd4 4. Nxd4 d6 5. Nc3 Nf6 6. Bb5 Bd7 7. O-O Be7 8.
Bf4 Nxd4 9. Bxd7+ Nxd7 10. Qxd4 Bf6 11. Qd2 O-O 12. Rad1 Re8 13. Rfe1 b6 14. b3
a5 15. a4 Nc5 16. f3 Bxc3 17. Qxc3 Qh4 18. Bg3 Qh6 19. e5 dxe5 20. Bxe5 Ne6 21.
Qc6 Rac8 22. Bg3 Re7 23. Rd7 Qg5 24. Rxe7 Qxe7 25. Rd1 Nd4 26. Qc4 c5 27. Re1
Qd7 28. h3 h6 29. Kh2 Rc6 30. Bf2 Ne6 31. Bg3 Qd2 32. Re2 Qd1 33. Re1 Qd7 34.
Re3 Nd4 35. c3 Nf5 36. Rd3 Qe7 37. Qd5 Qe6 38. Qd8+ Kh7 39. Bf4 Qxb3 40. Rd5 Rf6
41. Qd7 Qc2 42. Be5 Ne3 0-1